| 000 | 01224nam a2200253Ia 4500 | ||
|---|---|---|---|
| 999 |
_c41218 _d41218 |
||
| 001 | 7870 | ||
| 003 | GE_BSU | ||
| 005 | 20210618114959.0 | ||
| 008 | 181216s2013||||ge |||||||||||||| ||geo|| | ||
| 020 | _a9789941435218 | ||
| 040 | _cGE_BSU | ||
| 041 | _ageo | ||
| 080 | _a631.8(075.8)+574(075.8) ნ–21 | ||
| 100 |
_aნაკაშიძე, ნ. _95044 |
||
| 245 |
_aორგანული სოფლის მეურნეობა : _bსალექციო კურსის სახელმძღვანელო / _cნ. ნაკაშიძე დ. ჯაში. |
||
| 264 |
_aბათუმი : _bალიონი, _c2013. |
||
| 300 |
_a258 გვ.; _bილ.; _c21 სმ. |
||
| 653 | _aსოფლის მეურნეობა | ||
| 653 | _aსატყეო საქმე | ||
| 700 |
_aჯაში, დ. _eავტორი _91805 |
||
| 710 |
_aბათუმის შოთა რუსთაველის სახელმწიფო უნივერსიტეტი _bტექნოლოგიური ფაკულტეტი _95301 |
||
| 856 |
_uhttps://gtu.ge/Agro-Lib/organuli%20soflis%20meurneoba.pdf _yელ. ვერსია, pdf |
||
| 942 |
_cBK _2udc |
||